000 00445nam a2200193Ia 4500
005 20250114110240.0
008 131103s9999 xx 000 0 und d
020 _a8175082216
040 _aLoreto College
041 _aEnglish
082 _a907
_bPAI
100 _aPai, Anant
245 _aGreat Indian emperors
_cAnant Pai
260 _a[s.l.]
_b[s.l.]
_c[19?]
300 _a pic.
650 _aHistory
850 _aLCBED
942 _cBK
999 _c29202
_d79681